| 000 | 00719nam a22001937a 4500 | ||
|---|---|---|---|
| 999 |
_c35870 _d35870 |
||
| 003 | OSt | ||
| 005 | 20250618175431.0 | ||
| 008 | 250618b ||||| |||| 00| 0 eng d | ||
| 040 | _cBCRI | ||
| 082 | _a371.04 | ||
| 100 | 1 |
_935233 _aAyala Zepeda, Willian Edgardo |
|
| 245 |
_aEducación familiar en la escuela de padres y madres de la región de Ilobasco (El Salvador): Aproximación teórica y práctica _b: Informe final de investigación _cWillian Edgardo Ayala Zepeda |
||
| 260 |
_aPamplona, Navarra _bUniversidad de Navarra _c2019 |
||
| 300 |
_a473 h. _bil. _c29 cm. |
||
| 502 | _aTesis doctoral | ||
| 650 | 0 |
_97154 _aEducación familiar |
|
| 710 | 2 |
_91578 _aUniversidad de Navarra |
|
| 942 |
_2ddc _cTG _hprozim |
||